WWE WrestleMania Host Cities - Statistics

General Stats
  • This quiz has been taken 251 times
    11 since last reset
  • The average score is 21 of 43
Answer Stats
Hint Answer % Correct
2025 Las Vegas, NV
100%
2026 Las Vegas, NV
100%
1991 Los Angeles, CA
73%
2005 Los Angeles, CA
73%
1997 Rosemont, IL
73%
2006 Rosemont, IL
73%
2003 Seattle, WA
73%
1986 Uniondale, NY/Rosemont, IL/ Los Angeles, CA
73%
2016 Arlington, TX
64%
2022 Arlington, TX
64%
2001 Houston, TX
64%
2009 Houston, TX
64%
2014 New Orleans, LA
64%
2018 New Orleans, LA
64%
1990 Toronto, Ontario, Canada
64%
2002 Toronto, Ontario, Canada
64%
1998 Boston, MA
55%
2012 Miami Gardens, FL
55%
1999 Philadelphia, PA
55%
2024 Philadelphia, PA
55%
2007 Detroit, MI
45%
1985 New York City, NY
45%
1994 New York City, NY
45%
2004 New York City, NY
45%
1993 Paradise, NV
45%
2027 Riyadh, Saudi Arabia
45%
2021 Tampa, FL
45%
2011 Atlanta, GA
36%
2008 Orlando, FL
36%
2017 Orlando, FL
36%
2020 Orlando, FL
36%
1988 Atlantic City, NJ
27%
1989 Atlantic City, NJ
27%
2013 East Rutherford, NJ
27%
2019 East Rutherford, NJ
27%
1992 Indianapolis, IN
27%
1996 Anaheim, CA
18%
2000 Anaheim, CA
18%
2010 Glendale, AZ
18%
1995 Hartford, CT
18%
2023 Inglewood, CA
18%
2015 Santa Clara, CA
18%
1987 Pontiac, MI
9%
No matching quizzes found
Score Distribution
Percent of People with Each Score
Percentile by Number Answered
Your Score History
You have not taken this quiz since the last reset